Bài giảng chương trình dịch

Giáo trình có 10 chương đề cập mọi vấn đề của trình biên dịch gồm giới thiệu và sự biên dịch, một trình biên dịch đơn giản, phân tích từ vựng, phân tích cú pháp, dịch trực tiếp cú pháp, kiểm tra kiểu, môi trường thời gian thực hiện,...

全面介紹

Đã lưu trong:
書目詳細資料
主要作者: Nguyễn, Văn Linh
格式: 圖書
語言:Undetermined
出版: Cần Thơ Trường Đại học Cần Thơ. Khoa Công Nghệ Thông Tin 2002
主題:
標簽: 添加標簽
沒有標簽, 成為第一個標記此記錄!
Thư viện lưu trữ: Trung tâm Học liệu Trường Đại học Cần Thơ
LEADER 01050nam a2200193Ia 4500
001 CTU_51440
008 210402s9999 xx 000 0 und d
082 |a 005.1 
082 |b L312 
100 |a Nguyễn, Văn Linh 
245 0 |a Bài giảng chương trình dịch 
245 0 |c Nguyễn Văn Linh, Võ Huỳnh Trâm, Phan Phương Lan 
260 |a Cần Thơ 
260 |b Trường Đại học Cần Thơ. Khoa Công Nghệ Thông Tin 
260 |c 2002 
520 |a Giáo trình có 10 chương đề cập mọi vấn đề của trình biên dịch gồm giới thiệu và sự biên dịch, một trình biên dịch đơn giản, phân tích từ vựng, phân tích cú pháp, dịch trực tiếp cú pháp, kiểm tra kiểu, môi trường thời gian thực hiện, sinh mã trung gian và sinh mã đích 
650 |a Compiling (electronic computers) 
904 |i Huỳnh Mai 
980 |a Trung tâm Học liệu Trường Đại học Cần Thơ